Elementos de política en programas y discurso: Hacia una política de estado progresista en seguridad ciudadana /

El documento consiste en una recopilación de escritos aportados a la Mesa Nacional Permanente Política en Seguridad Ciudadana, que fueron discutidos en su momento, realizados por expertos en el tema de la seguridad ciudadana, tiene como propósito generar un diálogo e intercambio acerca de la polític...

Full beskrivning

Sparad:
Bibliografiska uppgifter
Huvudupphovsman: Barrantes, Víctor
Institutionell upphovsman: Mesa Nacional Permanente Política en Seguridad Ciudadana
Materialtyp: Okänd
Publicerad: San José : Friedrich Ebert Stiftung 2006
Ämnen:
Taggar: Lägg till en tagg
Inga taggar, Lägg till första taggen!

MARC

LEADER 00000 a2200000 04500
001 38496
003 cru CIDCACS/IIS
005 20230509110800.0
008 991231e2006 cr d
040 |c CRAI/IIS 
090 |a 02.04.02 B268e  
100 |a Barrantes, Víctor  
110 |a Mesa Nacional Permanente Política en Seguridad Ciudadana  
245 |a Elementos de política en programas y discurso:   |b Hacia una política de estado progresista en seguridad ciudadana /  |c Víctor Barrantes 
260 |a San José :   |b Friedrich Ebert Stiftung  |c 2006 
300 |a 37 páginas 
520 |a El documento consiste en una recopilación de escritos aportados a la Mesa Nacional Permanente Política en Seguridad Ciudadana, que fueron discutidos en su momento, realizados por expertos en el tema de la seguridad ciudadana, tiene como propósito generar un diálogo e intercambio acerca de la política en el gobierno progresista. 
650 |a ASPECTOS POLITICOS  
650 |a POLITICA  
650 |a INTERVENCION DEL ESTADO  
650 |a SEGURIDAD  
650 |a CIUDADANIA  
650 |a COSTA RICA  
942 |2 ddc  |c LITG  |h 02.04.02 B268e   |i 13527  |6 020402_B268E_13527 
999 |c 16056  |d 16056